000 00488nam a2200181Ia 4500
005 20250423100559.0
008 250422s9999 xx 000 0 und d
020 _a9780367490744
050 _aTN879.555 .SS26/
100 _aSangwai, Jitendra
245 0 _aPractical aspects of flow assurance in the petroleum industry
260 _aBoca Raton, FL
260 _b CRC Press,
260 _c2023
300 _a665 p
650 _aFlow assurance (Petroleum engineering)
942 _cBK
999 _c33739
_d33739